[Event "IRI-ch Online"]
[Site "Chess.com INT"]
[Date "2021.03.17"]
[Round "8"]
[White "Rezaeii, Amirreza"]
[Black "Majidzadeh, Amirhossein"]
[Result "0-1"]
[WhiteElo "1401"]
[BlackElo "1322"]
[PlyCount "65"]
[EventDate "2021.03.15"]
[EventType "swiss (rapid)"]
[EventRounds "11"]
[EventCountry "IRI"]
[SourceTitle "CBM 201 Extra"]
[Source "ChessBase"]
[SourceDate "2021.05.31"]
[SourceVersion "1"]
[SourceVersionDate "2021.05.31"]
[SourceQuality "1"]

1. e4 e6 2. Nc3 d5 3. Nf3 Nf6 4. e5 Nfd7 5. d4 c5 6. dxc5 Nxc5 7. Be2 Nc6 8. 0-0 Be7 9. a3 a5 10. Nb5 0-0 11. c3 a4 12. Bf4 b6 13. Nbd4 Bb7 14. b4 axb3 15. Nxb3 Ne4 16. Qc1 Qc7 17. Nbd2 Nc5 18. c4 Na5 19. cxd5 Bxd5 20. Nd4 Rac8 21. Bc4 Bxc4 22. Nxc4 Nab3 23. Nxb3 Nxb3 24. Qb2 Qxc4 25. Rab1 Qxf4 26. Qxb3 Bc5 27. a4 Qxe5 28. Rfe1 Qf5 29. Qg3 Rfd8 30. h4 Rd2 31. Rf1 Rxf2 32. Rxf2 Qxb1+ 33. Kh2 0-1

[Event "IRI-ch U12"]
[Site "Chess.com INT"]
[Date "2021.01.16"]
[Round "4"]
[White "Hadavandkhani, Mohammadmahdi"]
[Black "Majidzadeh, Amirhossein"]
[Result "1/2-1/2"]
[WhiteElo "1623"]
[BlackElo "1322"]
[PlyCount "249"]
[EventDate "2021.01.16"]
[EventType "swiss"]
[EventRounds "11"]
[EventCountry "IRI"]
[SourceTitle "EXT 2022"]
[Source "ChessBase"]
[SourceDate "2021.10.06"]
[SourceVersion "1"]
[SourceVersionDate "2021.10.06"]
[SourceQuality "1"]

1. e4 e6 2. d4 d5 3. Nd2 c5 4. exd5 Qxd5 5. Ngf3 cxd4 6. Bc4 Qd6 7. 0-0 Nf6 8. Nb3 Nc6 9. Nbxd4 Nxd4 10. Nxd4 a6 11. c3 Qc7 12. Qe2 Bd6 13. h3 0-0 14. Bg5 Nd5 15. Bxd5 exd5 16. Qf3 Be6 17. Rfe1 Rfe8 18. Rad1 Qd7 19. Re2 h6 20. Bf4 Bc5 21. Qg3 Kh8 22. Nxe6 Rxe6 23. Red2 Rg6 24. Rxd5 Qc6 25. Qf3 Kh7 26. Kh2 Re8 27. R1d2 Re7 28. R5d3 Qe6 29. b4 Ba7 30. Rd6 Qf5 31. R6d5 Qe6 32. Re5 Qf6 33. Rxe7 Qxe7 34. Bg3 b5 35. Qf5 Qe6 36. Qc2 Qc4 37. Rd7 Bb6 38. Rd6 Bc7 39. Rxg6 fxg6 40. Bxc7 Qxc7+ 41. g3 Qc4 42. Kg1 Qe6 43. a4 Qxh3 44. axb5 axb5 45. Qd3 Qh5 46. c4 bxc4 47. Qxc4 Qd1+ 48. Kg2 Qa4 49. Qc5 Qa8+ 50. Kh2 h5 51. b5 h4 52. gxh4 Qf3 53. Qe3 Qd1 54. b6 Qb1 55. Qe6 Qf1 56. Qf7 Qb5 57. b7 Qe5+ 58. Kg2 Qe4+ 59. Qf3 Qe5 60. Qc6 Qf4 61. Qc8 Qe4+ 62. Kg3 Qe5+ 63. Kf3 Qd5+ 64. Ke3 Qe5+ 65. Kd3 Qd5+ 66. Kc3 Qa5+ 67. Kc4 Qa6+ 68. Kc5 Qa3+ 69. Kc6 Qf3+ 70. Kb6 Qxf2+ 71. Qc5 Qb2+ 72. Kc7 Qh2+ 73. Qd6 Qc2+ 74. Kd8 Qb3 75. b8Q Qg8+ 76. Kc7 Qf7+ 77. Kb6 Qb3+ 78. Ka7 Qa4+ 79. Kb7 Qb5+ 80. Kc7 Qc4+ 81. Qc6 Qf4+ 82. Kc8 Qf8+ 83. Kb7 Qb4+ 84. Ka7 Qa5+ 85. Qa6 Qc5+ 86. Qbb6 Qe7+ 87. Kb8 Qe8+ 88. Kc7 Qe7+ 89. Kc6 Qe4+ 90. Kb5 Qd3+ 91. Kc5 Qc3+ 92. Kd5 Qf3+ 93. Kc4 Qe2+ 94. Kb3 Qd1+ 95. Ka2 Qd2+ 96. Qb2 Qd5+ 97. Ka3 Qc5+ 98. Ka4 Qd5 99. Qab7 Qc4+ 100. Ka3 Qc5+ 101. Ka2 Qc4+ 102. Q2b3 Qe2+ 103. Ka3 Qe5 104. Q7d5 Qe7+ 105. Ka4 Qa7+ 106. Kb4 Qb6+ 107. Kc3 Qe3+ 108. Kc2 Qe2+ 109. Kc3 Qe3+ 110. Kc4 Qe2+ 111. Kc5 Qf2+ 112. Kb5 Qe2+ 113. Ka4 Qa6+ 114. Qa5 Qc6+ 115. Qab5 Qe4+ 116. Ka3 Qe7+ 117. Kb2 Qf6+ 118. Kb1 Qf2 119. Qc2 Qg1+ 120. Ka2 Qa7+ 121. Kb3 Qe3+ 122. Kb4 Qd4+ 123. Kb3 Qe3+ 124. Ka2 Qe6+ 125. Ka1 1/2-1/2

[Event "IRI-ch U12"]
[Site "Chess.com INT"]
[Date "2021.01.16"]
[Round "9"]
[White "Tahmasebi, Hosein"]
[Black "Majidzadeh, Amirhossein"]
[Result "1-0"]
[WhiteElo "1631"]
[BlackElo "1322"]
[PlyCount "69"]
[EventDate "2021.01.16"]
[EventType "swiss"]
[EventRounds "11"]
[EventCountry "IRI"]
[SourceTitle "EXT 2022"]
[Source "ChessBase"]
[SourceDate "2021.10.06"]
[SourceVersion "1"]
[SourceVersionDate "2021.10.06"]
[SourceQuality "1"]

1. e4 e6 2. d4 d5 3. Nd2 c5 4. exd5 Qxd5 5. Ngf3 cxd4 6. Bc4 Qd6 7. 0-0 Nf6 8. Nb3 Nc6 9. Nbxd4 Nxd4 10. Nxd4 a6 11. Be2 Qc7 12. Bg5 Ne4 13. Bh4 Be7 14. Bxe7 Qxe7 15. Bf3 Ng5 16. Re1 0-0 17. c3 Rd8 18. Qe2 Qf6 19. Rad1 Rb8 20. Rd3 Bd7 21. Red1 Be8 22. Qc2 e5 23. Nb3 e4 24. Rxd8 Rxd8 25. Rxd8 Qxd8 26. Be2 Ba4 27. h4 Ne6 28. Qxe4 Bxb3 29. axb3 Qd2 30. Bc4 Qd1+ 31. Kh2 Qd6+ 32. g3 Nc5 33. Qe8+ Qf8 34. Bxf7+ Kh8 35. Qxf8# 1-0